[Event "Campeonato de España Universitario 2011"]
[Site "Alicante ESP"]
[Date "2011.05.10"]
[Round "5.3"]
[White "Aloma Vidal, Robert"]
[Black "Chueca Forcen, Alberto"]
[Result "0-1"]
[WhiteElo "2426"]
[BlackElo "2311"]
[PlyCount "84"]
[EventDate "2011.05.09"]
[EventType "swiss"]
[EventRounds "9"]
[EventCountry "ESP"]
[Source "lmi"]
[SourceDate "2011.05.09"]

1. c4 e5 2. Nc3 Nc6 3. Nf3 g6 4. g3 Bg7 5. Bg2 d6 6. Rb1 f5 7. d3 h6 8. e4 Nf6
9. Nh4 Ne7 10. exf5 g5 11. Ng6 Nxg6 12. fxg6 O-O 13. O-O c6 14. b4 Bf5 15. b5
Qd7 16. bxc6 bxc6 17. Ba3 Bxg6 18. h3 Bf5 19. g4 Bg6 20. Rb3 h5 21. Bf3 hxg4
22. hxg4 Bf7 23. Qb1 Nxg4 24. Rb7 Qf5 25. Qd1 Bh5 26. Kg2 Qf4 27. Bxg4 Bxg4 28.
f3 Bc8 29. Rc7 Rf6 30. Ne4 Bh3+ 31. Kg1 Rg6 32. Bc1 Qh4 33. Rf2 g4 34. f4 g3
35. Rc2 exf4 36. Rxg7+ Rxg7 37. Qf3 Rf8 38. Bb2 Bg4 39. Qg2 Rg6 40. Bd4 Bd1 41.
Rd2 f3 42. Nf6+ Qxf6 0-1

[Event "Campeonato de España Universitario 2011"]
[Site "Alicante ESP"]
[Date "2011.05.10"]
[Round "5.4"]
[White "Valmaña Canto, Jaime"]
[Black "Pena Gomez, Manuel"]
[Result "0-1"]
[WhiteElo "2335"]
[BlackElo "2421"]
[PlyCount "120"]
[EventDate "2011.05.09"]
[EventType "swiss"]
[EventRounds "9"]
[EventCountry "ESP"]
[Source "lmi"]
[SourceDate "2011.05.09"]

1. e4 c5 2. Nc3 Nc6 3. Bb5 Nd4 4. Bc4 e6 5. Nf3 a6 6. Nxd4 cxd4 7. Ne2 b5 8.
Bb3 Bc5 9. d3 Nf6 10. O-O d5 11. e5 Ng4 12. c3 dxc3 13. d4 cxb2 14. Bxb2 Be7
15. Nf4 Nh6 16. Qh5 O-O 17. Rae1 Ra7 18. Bc2 Qa5 19. Re3 Qd2 20. Rg3 Qxf4 21.
Bc1 Qh4 22. Qxh6 Qxh6 23. Bxh6 g6 24. Bxf8 Bxf8 25. Rc3 Bd7 26. Bd3 Bb4 27. Rc2
Ba5 28. Rd1 Kg7 29. Kf1 Bb6 30. Rdc1 Kf8 31. Ke2 Bxd4 32. Rc7 Rxc7 33. Rxc7 Ke8
34. f4 Kd8 35. Rc1 a5 36. h4 f6 37. exf6 Bxf6 38. h5 gxh5 39. Bxh7 h4 40. Bd3
Bd4 41. Rh1 Bf6 42. Rc1 Bd4 43. Rh1 Bf6 44. a3 Kc7 45. Rb1 Kb6 46. Kf3 Kc5 47.
Be2 b4 48. axb4+ axb4 49. Rc1+ Kd4 50. Rc7 Ba4 51. Rb7 Kc5 52. Rc7+ Bc6 53. Bd3
b3 54. Rf7 Bd8 55. Rf8 Ba5 56. Kg4 Kd4 57. Bb1 Be1 58. Rb8 Ba4 59. Ra8 Bb5 60.
Kf3 Bd3 0-1

[Event "Campeonato de España Universitario 2011"]
[Site "Alicante ESP"]
[Date "2011.05.10"]
[Round "5.5"]
[White "Rubio Mejia, Luis Ignacio"]
[Black "Tamajon Castilla, Francisco J"]
[Result "0-1"]
[WhiteElo "2403"]
[BlackElo "2030"]
[PlyCount "82"]
[EventDate "2011.05.09"]
[EventType "swiss"]
[EventRounds "9"]
[EventCountry "ESP"]
[Source "lmi"]
[SourceDate "2011.05.09"]

1. d4 Nf6 2. c4 g6 3. Nc3 d5 4. cxd5 Nxd5 5. e3 Bg7 6. Nge2 Nxc3 7. Nxc3 O-O 8.
Be2 c5 9. d5 e6 10. e4 exd5 11. exd5 Nd7 12. O-O Nb6 13. Qb3 Qh4 14. Be3 Qb4
15. Rad1 Rd8 16. Bg5 Re8 17. Bb5 Qxb3 18. axb3 Bd7 19. Bxd7 Nxd7 20. d6 Bxc3
21. bxc3 f6 22. Bf4 Kf7 23. Rd2 Re4 24. g3 Rc8 25. Kg2 g5 26. Be3 Rc6 27. Kf3
Re6 28. Rfd1 Ke8 29. h4 Ne5+ 30. Ke4 Kd7 31. Kf5 gxh4 32. gxh4 Nf3 33. Rd5
Nxh4+ 34. Kg4 Ng6 35. Bxc5 b6 36. Be3 Rxc3 37. Rh1 Rxd6 38. Rxh7+ Ke6 39. Rxd6+
Kxd6 40. Rxa7 Rxb3 41. Kf5 Ne7+ 0-1

[Event "Campeonato de España Universitario 2011"]
[Site "Alicante ESP"]
[Date "2011.05.10"]
[Round "5.7"]
[White "Cruz Alvarez De Ron, Dan"]
[Black "Antoli Royo, Joaquin Miguel"]
[Result "0-1"]
[WhiteElo "2258"]
[BlackElo "2434"]
[PlyCount "104"]
[EventDate "2011.05.09"]
[EventType "swiss"]
[EventRounds "9"]
[EventCountry "ESP"]
[Source "lmi"]
[SourceDate "2011.05.09"]

1. Nf3 d6 2. e4 c5 3. Bc4 Nf6 4. Nc3 Nc6 5. d4 cxd4 6. Nxd4 Bd7 7. Nxc6 bxc6 8.
Be3 Ng4 9. Qd3 Nxe3 10. Qxe3 Qb6 11. Qxb6 axb6 12. O-O g6 13. f4 Bg7 14. e5 d5
15. Bd3 e6 16. a3 Ke7 17. Rae1 f6 18. exf6+ Bxf6 19. Nd1 Kd6 20. c4 Rhf8 21.
Re2 Ra4 22. cxd5 exd5 23. g3 Bg4 24. Rd2 Re8 25. Kg2 Rd4 26. Rff2 b5 27. h3 Bc8
28. Kh2 b4 29. Kg2 Re1 30. axb4 Rxb4 31. Rfe2 Rxe2+ 32. Bxe2 Rb3 33. Rd3 Rxd3
34. Bxd3 Kc5 35. g4 Kd4 36. Bb1 Ba6 37. Kg3 Bd3 38. Ba2 g5 39. fxg5 Bxg5 40. h4
Bc1 41. Nf2 Bc2 42. g5 Bxb2 43. Ng4 c5 44. Nf6 c4 45. h5 Ke5 46. Nd7+ Kd6 47.
Nf6 Kc5 48. Nd7+ Kc6 49. Nf8 Be5+ 50. Kg4 c3 51. g6 hxg6 52. hxg6 Kd6 0-1

[Event "Campeonato de España Universitario 2011"]
[Site "Alicante ESP"]
[Date "2011.05.10"]
[Round "5.8"]
[White "Garcia Rodriguez, Victor"]
[Black "Espinosa Aranda, Angel"]
[Result "0-1"]
[WhiteElo "2234"]
[BlackElo "2399"]
[PlyCount "90"]
[EventDate "2011.05.09"]
[EventType "swiss"]
[EventRounds "9"]
[EventCountry "ESP"]
[Source "lmi"]
[SourceDate "2011.05.09"]

1. e4 e6 2. d4 d5 3. Nc3 Nf6 4. Bg5 dxe4 5. Nxe4 Nbd7 6. Nf3 Be7 7. Nxf6+ Bxf6
8. Be3 b6 9. g3 Bb7 10. Bg2 O-O 11. O-O Rc8 12. c3 c5 13. Qa4 Bc6 14. Qa3 Qc7
15. dxc5 Qb7 16. Rfd1 Nxc5 17. Bxc5 bxc5 18. Ne1 c4 19. Rd2 Bg5 20. Rc2 Be7 21.
b4 cxb3 22. Qxb3 Qa6 23. Bxc6 Rxc6 24. c4 Rd8 25. Ng2 h6 26. Ne3 Rb6 27. Qc3
Bf6 28. Qe1 Bxa1 29. Qxa1 Qb7 30. Rc1 Rb8 31. Qe5 Rb1 32. Rxb1 Qxb1+ 33. Kg2
Qb2 34. Qd6 Qb7+ 35. Kh3 Qb6 36. Qe5 Rc8 37. Qe4 Qc6 38. Qd4 Qc5 39. Qd7 Qc7
40. Qd4 Rd8 41. Qc3 Qc5 42. Qb3 Rd2 43. Qb8+ Kh7 44. Qb1+ g6 45. Kg2 Qxe3 0-1

[Event "Campeonato de España Universitario 2011"]
[Site "Alicante ESP"]
[Date "2011.05.10"]
[Round "5.9"]
[White "Pallardo Lozoya, Jose Vicente"]
[Black "Lara Lopez, Jose"]
[Result "1-0"]
[WhiteElo "2365"]
[BlackElo "2231"]
[PlyCount "116"]
[EventDate "2011.05.09"]
[EventType "swiss"]
[EventRounds "9"]
[EventCountry "ESP"]
[Source "lmi"]
[SourceDate "2011.05.09"]

1. f4 Nf6 2. b3 d6 3. Bb2 c5 4. e3 Nc6 5. Nf3 Bg4 6. Be2 e6 7. O-O Be7 8. Qe1
Qc7 9. d3 Nd5 10. Qd2 Bf6 11. c3 e5 12. c4 Nde7 13. fxe5 dxe5 14. Nc3 Bf5 15.
Nd5 Qd6 16. e4 Bg4 17. Rf2 h6 18. Raf1 Nxd5 19. cxd5 Bxf3 20. dxc6 Bxe4 21.
cxb7 Bxb7 22. Bh5 Rf8 23. Qe2 O-O-O 24. Rc1 Kb8 25. Bg4 Qxd3 26. Bxe5+ Bxe5 27.
Qxe5+ Ka8 28. Qxc5 Qg6 29. Bf3 Bxf3 30. Rxf3 Rfe8 31. Rg3 Qf6 32. h3 g6 33. Rf3
Qe6 34. Qc7 Rc8 35. Qf4 Rxc1+ 36. Qxc1 Qe1+ 37. Qxe1 Rxe1+ 38. Kf2 Re7 39. Rf6
Kb8 40. Rd6 Kc8 41. g4 h5 42. gxh5 gxh5 43. Rh6 Kd8 44. Rxh5 Ke8 45. Ra5 Kf8
46. h4 Kg8 47. h5 Kh7 48. Ra6 Rb7 49. h6 Rc7 50. Kf3 Rb7 51. Kf4 Rc7 52. Kf5
Rb7 53. b4 Rd7 54. a3 Kg8 55. Ke5 Kh7 56. b5 Kg8 57. a4 Re7+ 58. Kf6 Re4 1-0

[Event "Campeonato de España Universitario 2011"]
[Site "Alicante ESP"]
[Date "2011.05.10"]
[Round "5.10"]
[White "Garcia Brion, Eduardo"]
[Black "Rabadan Velasco, Raul"]
[Result "1-0"]
[WhiteElo "2191"]
[BlackElo "2353"]
[PlyCount "74"]
[EventDate "2011.05.09"]
[EventType "swiss"]
[EventRounds "9"]
[EventCountry "ESP"]
[Source "lmi"]
[SourceDate "2011.05.09"]

1. d4 f5 2. g3 Nf6 3. Bg2 g6 4. c4 Bg7 5. Nc3 O-O 6. b4 Nc6 7. c5 e6 8. Bxc6
bxc6 9. Rb1 a5 10. Qa4 Ne4 11. Nxe4 fxe4 12. Be3 e5 13. bxa5 Qf6 14. Rb4 Qf5
15. dxe5 Bxe5 16. Rxe4 Ba6 17. Kf1 Rab8 18. Bf4 Bg7 19. Kg2 Qxc5 20. Nf3 d5 21.
Rc1 Qxc1 22. Bxc1 dxe4 23. Qxe4 Rbe8 24. Qxc6 Bxe2 25. Bf4 h6 26. Qxc7 Kh7 27.
Ne5 Re7 28. Qb6 g5 29. Nc4 Bxc4 30. Be3 Rff7 31. f3 Bd5 32. Qc5 Rd7 33. a6 Rfe7
34. a7 g4 35. Qc1 gxf3+ 36. Kf2 Bb7 37. Qb1+ Kg8 1-0

[Event "Campeonato de España Universitario 2011"]
[Site "Alicante ESP"]
[Date "2011.05.10"]
[Round "5.11"]
[White "Fernandez Barrera, Victor"]
[Black "Eyo Castro-Rial, Alberto"]
[Result "1-0"]
[WhiteElo "2327"]
[BlackElo "2185"]
[PlyCount "70"]
[EventDate "2011.05.09"]
[EventType "swiss"]
[EventRounds "9"]
[EventCountry "ESP"]
[Source "lmi"]
[SourceDate "2011.05.09"]

1. e4 e6 2. d4 d5 3. Nc3 Bb4 4. e5 c5 5. a3 Bxc3+ 6. bxc3 Qa5 7. Bd2 Nc6 8. Nf3
Nge7 9. a4 f6 10. Bc1 Qd8 11. Bd2 Qa5 12. c4 Qc7 13. exf6 gxf6 14. cxd5 Nxd5
15. Bb5 O-O 16. O-O cxd4 17. Nxd4 e5 18. Nxc6 bxc6 19. Bd3 Qg7 20. Qh5 Bg4 21.
Qh4 Qd7 22. Bxh7+ Qxh7 23. Qxg4+ Kh8 24. Ra3 Rg8 25. Qe2 Rg6 26. Kh1 Qg7 27. c4
Ne7 28. f4 exf4 29. Bxf4 Re8 30. Qe6 Qg8 31. Rh3+ Kg7 32. Re1 Qxe6 33. Rxe6 f5
34. Re1 Rg4 35. Rf3 Kf6 1-0

[Event "Campeonato de España Universitario 2011"]
[Site "Alicante ESP"]
[Date "2011.05.10"]
[Round "5.12"]
[White "Carrasco Sagredo, Manuel"]
[Black "Martin Fuentes, Alberto"]
[Result "1-0"]
[WhiteElo "2177"]
[BlackElo "2322"]
[PlyCount "121"]
[EventDate "2011.05.09"]
[EventType "swiss"]
[EventRounds "9"]
[EventCountry "ESP"]
[Source "lmi"]
[SourceDate "2011.05.09"]

1. e4 e6 2. d3 c5 3. Ne2 d5 4. Ng3 Nc6 5. Nd2 d4 6. Nf3 Bd6 7. h4 h6 8. Be2 h5
9. Ng5 Bxg3 10. fxg3 g6 11. O-O f6 12. Nf3 Qc7 13. e5 Nxe5 14. Nxe5 Qxe5 15.
Bf4 Qd5 16. c4 Qd7 17. b4 cxb4 18. a3 bxa3 19. Rxa3 Ne7 20. Qa1 a6 21. Rb3 Nf5
22. Rb6 O-O 23. g4 hxg4 24. Bxg4 e5 25. Bxe5 fxe5 26. Rxg6+ Kh7 27. Rg5 Qe7 28.
Bxf5+ Bxf5 29. Rfxf5 Rxf5 30. Rxf5 Rf8 31. Rh5+ Kg8 32. Qe1 Rf7 33. Qxe5 Qxe5
34. Rxe5 Rf4 35. Re7 b5 36. c5 Kf8 37. Ra7 Rf6 38. Rb7 Rc6 39. Rb6 Rxc5 40.
Rxa6 Rc3 41. Rb6 Rb3 42. Kf2 Kg7 43. Ke2 b4 44. g4 Rb1 45. Kf3 b3 46. Kf4 b2
47. Kg5 Rd1 48. Rxb2 Rxd3 49. Rb7+ Kf8 50. Kh6 Rc3 51. g5 Kg8 52. g6 Rc8 53.
Rd7 Ra8 54. h5 Rb8 55. Rxd4 Ra8 56. Rd5 Rb8 57. Kg5 Ra8 58. h6 Rb8 59. h7+ Kg7
60. Rd7+ Kh8 61. Kh6 1-0

[Event "Campeonato de España Universitario 2011"]
[Site "Alicante ESP"]
[Date "2011.05.10"]
[Round "5.13"]
[White "Rodriguez Calvo, Manoel"]
[Black "Torres Ventosa, Pedro Eugenio"]
[Result "0-1"]
[WhiteElo "2147"]
[BlackElo "2319"]
[PlyCount "54"]
[EventDate "2011.05.09"]
[EventType "swiss"]
[EventRounds "9"]
[EventCountry "ESP"]
[Source "lmi"]
[SourceDate "2011.05.09"]

1. e4 d6 2. d4 Nf6 3. Bd3 e5 4. Ne2 Be7 5. O-O Nbd7 6. f4 exd4 7. Nxd4 Nc5 8.
Nc3 Bg4 9. Qe1 Nxd3 10. cxd3 c5 11. Nc2 h5 12. f5 h4 13. Bg5 h3 14. g3 Nd7 15.
Bf4 Nf6 16. Ne3 Bh5 17. Bg5 Kf8 18. Kh1 Ng4 19. Bxe7+ Qxe7 20. Ncd5 Qe5 21.
Nxg4 Bxg4 22. Qc3 Be2 23. Rfe1 Qxc3 24. bxc3 Bxd3 25. Rad1 Bc4 26. Nc7 Rc8 27.
Rxd6 Ke7 0-1

[Event "Campeonato de España Universitario 2011"]
[Site "Alicante ESP"]
[Date "2011.05.10"]
[Round "5.14"]
[White "Pazos Porta, Antonio"]
[Black "Calvo Galve, Nestor"]
[Result "1-0"]
[WhiteElo "2318"]
[BlackElo "2055"]
[PlyCount "83"]
[EventDate "2011.05.09"]
[EventType "swiss"]
[EventRounds "9"]
[EventCountry "ESP"]
[Source "lmi"]
[SourceDate "2011.05.09"]

1. e4 e5 2. Nf3 Nc6 3. Bb5 a6 4. Ba4 Nf6 5. d3 b5 6. Bb3 Bc5 7. Nc3 h6 8. Nd5
O-O 9. O-O d6 10. c3 Bg4 11. h3 Bh5 12. Nxf6+ gxf6 13. Bxh6 Bg6 14. g4 Ne7 15.
Nh4 Kh7 16. Bxf8 Qxf8 17. Nf5 Bxf5 18. gxf5 Qh6 19. Qf3 Rh8 20. Kh2 Kg7 21.
Rad1 Kf8 22. a4 bxa4 23. Bxa4 d5 24. Bb3 a5 25. Ra1 Bb6 26. Bxd5 Qd2 27. b4 Rh4
28. Rad1 Qxc3 29. bxa5 Bxa5 30. Rc1 Qd2 31. Rfd1 Qh6 32. Ra1 Nxd5 33. exd5 Bb4
34. Rdb1 Bd6 35. Rb8+ Ke7 36. Kg2 e4 37. Re1 Kd7 38. Rxe4 Bf4 39. Rg8 Bg5 40.
Rxh4 Qxh4 41. Qe4 Bf4 42. Rg4 1-0

[Event "Campeonato de España Universitario 2011"]
[Site "Alicante ESP"]
[Date "2011.05.10"]
[Round "5.15"]
[White "Roig Aguilar, Alejandro"]
[Black "Vega Gutierrez, Sabrina"]
[Result "0-1"]
[WhiteElo "2142"]
[BlackElo "2306"]
[PlyCount "74"]
[EventDate "2011.05.09"]
[EventType "swiss"]
[EventRounds "9"]
[EventCountry "ESP"]
[Source "lmi"]
[SourceDate "2011.05.09"]

1. d4 d5 2. c4 e6 3. Nc3 c6 4. Nf3 dxc4 5. e4 Bb4 6. Be2 a6 7. Bg5 b5 8. O-O
Bb7 9. a4 Ne7 10. Qc2 O-O 11. Rad1 f6 12. Bf4 Nd7 13. Bg3 Nb6 14. Na2 Ba5 15.
b4 cxb3 16. Qxb3 Qd7 17. axb5 cxb5 18. Bd3 Kh8 19. h4 Na4 20. h5 Rac8 21. h6 g6
22. Rc1 Ng8 23. Rxc8 Bxc8 24. Qa3 Rd8 25. e5 f5 26. Bh4 Re8 27. Rd1 Nxh6 28.
Bc2 Bb7 29. Bxa4 bxa4 30. Bf6+ Kg8 31. Qd6 Qb5 32. Nc1 Nf7 33. Qa3 Bb4 34. Qe3
a3 35. Na2 Bf8 36. Nc3 Qc4 37. Qd3 Rc8 0-1

[Event "Campeonato de España Universitario 2011"]
[Site "Alicante ESP"]
[Date "2011.05.10"]
[Round "6.1"]
[White "Camacho Collados, Jose"]
[Black "Vila Gazquez, Xavier"]
[Result "1/2-1/2"]
[WhiteElo "2380"]
[BlackElo "2494"]
[PlyCount "78"]
[EventDate "2011.05.09"]
[EventType "swiss"]
[EventRounds "9"]
[EventCountry "ESP"]
[Source "lmi"]
[SourceDate "2011.05.09"]

1. Nf3 Nf6 2. c4 g6 3. g3 Bg7 4. Bg2 O-O 5. O-O d5 6. cxd5 Nxd5 7. d4 Nb6 8.
Nc3 Nc6 9. d5 Na5 10. Qc2 Bd7 11. Rd1 Qc8 12. Bf4 c6 13. Rac1 cxd5 14. Nxd5
Nxd5 15. Rxd5 Nc6 16. Ne5 Nxe5 17. Bxe5 Qxc2 18. Rxc2 Be6 19. Bxg7 Kxg7 20.
Rdc5 Rfd8 21. Bxb7 Rab8 22. Bf3 Bxa2 23. Ra5 Bb3 24. Rc7 Be6 25. Raxa7 Rxb2 26.
Rxe7 Kf6 27. Kg2 h5 28. h4 Rd1 29. Reb7 Rc2 30. Rc7 Rb2 31. Rcb7 Rc2 32. Rb4
Rcc1 33. Rf4+ Kg7 34. Kh2 Rf1 35. Bg2 Rfe1 36. Bf3 Rf1 37. Bg2 Rfe1 38. Bf3 Rf1
39. Bg2 Rfe1 1/2-1/2

[Event "Campeonato de España Universitario 2011"]
[Site "Alicante ESP"]
[Date "2011.05.10"]
[Round "6.2"]
[White "Chueca Forcen, Alberto"]
[Black "Pena Gomez, Manuel"]
[Result "0-1"]
[WhiteElo "2311"]
[BlackElo "2421"]
[PlyCount "82"]
[EventDate "2011.05.09"]
[EventType "swiss"]
[EventRounds "9"]
[EventCountry "ESP"]
[Source "lmi"]
[SourceDate "2011.05.09"]

1. d4 c5 2. d5 Nf6 3. c4 e6 4. Nc3 exd5 5. cxd5 d6 6. e4 g6 7. f4 Bg7 8. Bb5+
Nfd7 9. Nf3 a6 10. Bd3 b5 11. O-O O-O 12. Kh1 c4 13. Bc2 Nc5 14. Be3 Qc7 15.
Bd4 f6 16. a3 Bg4 17. h3 Bxf3 18. Qxf3 Nbd7 19. Rae1 Rae8 20. f5 Ne5 21. Qg3 g5
22. Re3 Qb8 23. Ne2 a5 24. Bc3 b4 25. axb4 axb4 26. Bd2 c3 27. bxc3 b3 28. Bb1
Nc4 29. Rd1 Qa8 30. Nd4 Qa1 31. Ree1 Qb2 32. Re2 Qa1 33. Ne6 Rf7 34. Bc2 Qa4
35. Bd3 Nxd3 36. Qxd3 Nb2 37. Qb1 Nxd1 38. Qxd1 Ra8 39. Bc1 b2 40. Qg1 b1=Q 41.
Rb2 Qbxe4 0-1

[Event "Campeonato de España Universitario 2011"]
[Site "Alicante ESP"]
[Date "2011.05.10"]
[Round "6.3"]
[White "Tamajon Castilla, Francisco J"]
[Black "Alsina Leal, Daniel"]
[Result "0-1"]
[WhiteElo "2030"]
[BlackElo "2545"]
[PlyCount "58"]
[EventDate "2011.05.09"]
[EventType "swiss"]
[EventRounds "9"]
[EventCountry "ESP"]
[Source "lmi"]
[SourceDate "2011.05.09"]

1. d4 Nf6 2. c4 g6 3. g3 Bg7 4. Bg2 d5 5. Nf3 dxc4 6. Na3 O-O 7. Nxc4 Nc6 8.
O-O Bf5 9. b3 Be4 10. Bb2 Qc8 11. Nce5 Rd8 12. Qc1 Nxe5 13. Nxe5 Bxg2 14. Kxg2
Nd7 15. Nf3 a5 16. Qf4 a4 17. Rac1 c6 18. e4 axb3 19. axb3 Nf6 20. Qe3 Ra2 21.
Bc3 Qe6 22. Ng5 Qxb3 23. Rb1 Qc4 24. Rxb7 h6 25. Rb4 Qe2 26. Qxe2 Rxe2 27. Nf3
Nxe4 28. Rc4 Ra8 29. Rxc6 Rc2 0-1

[Event "Campeonato de España Universitario 2011"]
[Site "Alicante ESP"]
[Date "2011.05.10"]
[Round "6.4"]
[White "Pazos Porta, Antonio"]
[Black "Almagro Llamas, Pablo"]
[Result "0-1"]
[WhiteElo "2318"]
[BlackElo "2465"]
[PlyCount "42"]
[EventDate "2011.05.09"]
[EventType "swiss"]
[EventRounds "9"]
[EventCountry "ESP"]
[Source "lmi"]
[SourceDate "2011.05.09"]

1. d4 Nf6 2. Nc3 d5 3. Bg5 c6 4. Qd2 Nbd7 5. O-O-O b5 6. Bxf6 Nxf6 7. f3 e6 8.
e3 a5 9. Nce2 b4 10. Kb1 Qb6 11. Nc1 c5 12. Nh3 c4 13. Qf2 Be7 14. g4 a4 15.
Nf4 Ba6 16. h4 b3 17. cxb3 axb3 18. a3 c3 19. bxc3 Bxa3 20. Rh2 Bc4 21. Ncd3
Qa5 0-1

[Event "Campeonato de España Universitario 2011"]
[Site "Alicante ESP"]
[Date "2011.05.10"]
[Round "6.5"]
[White "Antoli Royo, Joaquin Miguel"]
[Black "Vega Gutierrez, Sabrina"]
[Result "1-0"]
[WhiteElo "2434"]
[BlackElo "2306"]
[PlyCount "67"]
[EventDate "2011.05.09"]
[EventType "swiss"]
[EventRounds "9"]
[EventCountry "ESP"]
[Source "lmi"]
[SourceDate "2011.05.09"]

1. e4 c5 2. Nf3 Nc6 3. Bb5 e6 4. O-O Nge7 5. c3 a6 6. Ba4 b5 7. Bc2 Bb7 8. Re1
Rc8 9. d3 Ng6 10. a3 Be7 11. d4 cxd4 12. cxd4 O-O 13. Nc3 Na5 14. d5 Qc7 15. e5
Bxd5 16. Bxg6 hxg6 17. Nxd5 exd5 18. Qxd5 Qc6 19. Qd3 Qc4 20. Qxd7 Rc7 21. Qh3
Nb3 22. Bg5 Bc5 23. Rad1 Qc2 24. Qh4 Qxb2 25. Rf1 Bxa3 26. Bc1 Nxc1 27. Ng5
Ne2+ 28. Kh1 Re8 29. Qh7+ Kf8 30. Qh8+ Ke7 31. Qxg7 Qb3 32. e6 Rf8 33. Nh7 Kxe6
34. Qf6# 1-0

[Event "Campeonato de España Universitario 2011"]
[Site "Alicante ESP"]
[Date "2011.05.10"]
[Round "6.6"]
[White "Jimenez Martinez, Jose Vicente"]
[Black "Aloma Vidal, Robert"]
[Result "0-1"]
[WhiteElo "2279"]
[BlackElo "2426"]
[PlyCount "68"]
[EventDate "2011.05.09"]
[EventType "swiss"]
[EventRounds "9"]
[EventCountry "ESP"]
[Source "lmi"]
[SourceDate "2011.05.09"]

1. d4 Nf6 2. c4 g6 3. Nc3 Bg7 4. e4 d6 5. f3 O-O 6. Be3 c5 7. Nge2 Nc6 8. d5
Ne5 9. Ng3 h5 10. Be2 h4 11. Nf1 e6 12. Nd2 exd5 13. cxd5 a6 14. a4 Bd7 15. O-O
b5 16. h3 c4 17. a5 Nh5 18. f4 Nd3 19. Bxh5 Nxb2 20. Qc2 b4 21. Be2 bxc3 22.
Nxc4 Nxc4 23. Bxc4 f5 24. Bb6 Qc8 25. Bd3 fxe4 26. Bxe4 Bf5 27. Rae1 Qc4 28.
Bxf5 Rxf5 29. Re6 Raf8 30. Rxg6 Rxf4 31. Rxf4 Rxf4 32. Rg5 Rf1+ 33. Kh2 Qf4+
34. g3 Qxg5 0-1

[Event "Campeonato de España Universitario 2011"]
[Site "Alicante ESP"]
[Date "2011.05.10"]
[Round "6.7"]
[White "Espinosa Aranda, Angel"]
[Black "Vallejo Diaz, Jesus"]
[Result "1/2-1/2"]
[WhiteElo "2399"]
[BlackElo "2258"]
[PlyCount "52"]
[EventDate "2011.05.09"]
[EventType "swiss"]
[EventRounds "9"]
[EventCountry "ESP"]
[Source "lmi"]
[SourceDate "2011.05.09"]

1. e4 c5 2. Nf3 e6 3. d4 cxd4 4. Nxd4 a6 5. Nc3 Qc7 6. Be2 b5 7. Bf3 Bb7 8. O-O
Nc6 9. Nxc6 Bxc6 10. Re1 Bd6 11. h3 Ne7 12. Bg5 Ng6 13. Nd5 Bxd5 14. exd5 Rc8
15. a4 O-O 16. axb5 axb5 17. dxe6 dxe6 18. Ra6 Bf4 19. Rc6 Qb8 20. Bxf4 Qxf4
21. Re4 Qg5 22. Rd6 Nh4 23. Bg4 h5 24. g3 Nf5 25. Bxf5 Qxf5 26. Qe2 Qc5 1/2-1/2

[Event "Campeonato de España Universitario 2011"]
[Site "Alicante ESP"]
[Date "2011.05.10"]
[Round "6.8"]
[White "Mayans Calvo, Mariano"]
[Black "Fernandez Barrera, Victor"]
[Result "1-0"]
[WhiteElo "2230"]
[BlackElo "2327"]
[PlyCount "153"]
[EventDate "2011.05.09"]
[EventType "swiss"]
[EventRounds "9"]
[EventCountry "ESP"]
[Source "lmi"]
[SourceDate "2011.05.09"]

1. c4 e5 2. g3 Nf6 3. Bg2 d5 4. cxd5 Nxd5 5. Nf3 Nc6 6. O-O Nb6 7. d3 Be7 8. a3
O-O 9. b4 e4 10. dxe4 Qxd1 11. Rxd1 Bf6 12. e5 Nxe5 13. Nd4 Rd8 14. e3 Bg4 15.
Rf1 Nf3+ 16. Bxf3 Bxf3 17. Bb2 Bg4 18. Ra2 Nc4 19. Ba1 c6 20. Nd2 Nxd2 21. Rxd2
a5 22. f3 Bh3 23. Rfd1 axb4 24. axb4 h5 25. Kf2 Ra4 26. Bc3 Ra3 27. Ne2 Rxd2
28. Bxd2 g6 29. Nf4 Bc8 30. Ke2 Rb3 31. Rc1 Bg7 32. Rc2 Ra3 33. Nd3 Bf8 34. b5
Bd7 35. Ne5 Be8 36. bxc6 bxc6 37. Nxc6 Ra1 38. h4 Bd6 39. Nd4 Bd7 40. Be1 Be5
41. Bc3 Rh1 42. Kd3 Bxg3 43. Ra2 Rb1 44. f4 Rb8 45. Nf3 Bf5+ 46. e4 Rd8+ 47.
Ke3 Bg4 48. Ne5 Be6 49. Rg2 Bxh4 50. f5 Bb3 51. fxg6 f6 52. Nf3 Rc8 53. Bd4
Bg5+ 54. Nxg5 fxg5 55. Rxg5 Rc6 56. Rb5 Be6 57. Rxh5 Kf8 58. g7+ Ke7 59. Rh8
Ra6 60. Bc5+ Kd7 61. g8=Q Bxg8 62. Rxg8 Ra4 63. Kf4 Ke6 64. Rg6+ Kf7 65. Rc6
Ra1 66. Ke5 Re1 67. Rc7+ Ke8 68. Kd5 Rh1 69. e5 Kd8 70. Bb6 Ke8 71. Be3 Re1 72.
Bg5 Ra1 73. e6 Ra5+ 74. Kd6 Ra6+ 75. Ke5 Ra8 76. Rh7 Ra5+ 77. Kf6 1-0

[Event "Campeonato de España Universitario 2011"]
[Site "Alicante ESP"]
[Date "2011.05.10"]
[Round "6.9"]
[White "Torres Ventosa, Pedro Eugenio"]
[Black "Garcia Brion, Eduardo"]
[Result "1-0"]
[WhiteElo "2319"]
[BlackElo "2191"]
[PlyCount "71"]
[EventDate "2011.05.09"]
[EventType "swiss"]
[EventRounds "9"]
[EventCountry "ESP"]
[Source "lmi"]
[SourceDate "2011.05.09"]

1. e4 e5 2. Nf3 Nc6 3. Bb5 f5 4. d3 fxe4 5. dxe4 Nf6 6. O-O Bc5 7. h3 d6 8.
Nbd2 O-O 9. c3 a6 10. Bc4+ Kh8 11. a4 Qe8 12. Nh4 Nh5 13. Ndf3 Nf4 14. Be3 Qh5
15. b4 Bxe3 16. fxe3 Ng6 17. Nxg6+ hxg6 18. Ng5 Rxf1+ 19. Qxf1 Bd7 20. Nf7+ Kh7
21. Qf2 g5 22. Qg3 g4 23. h4 Nd8 24. Ng5+ Kh8 25. Rf1 Qe8 26. Qf2 Nc6 27. Qg3
Nd8 28. Be2 Ne6 29. Nf7+ Kg8 30. Bxg4 Qxf7 31. Rxf7 Kxf7 32. Bf5 Nf8 33. Qf2
Bxa4 34. h5 Be8 35. Bc8+ Ke7 36. Qh4+ 1-0

[Event "Campeonato de España Universitario 2011"]
[Site "Alicante ESP"]
[Date "2011.05.10"]
[Round "6.11"]
[White "Escofet Martin, David"]
[Black "Rubio Mejia, Luis Ignacio"]
[Result "0-1"]
[WhiteElo "2185"]
[BlackElo "2403"]
[PlyCount "74"]
[EventDate "2011.05.09"]
[EventType "swiss"]
[EventRounds "9"]
[EventCountry "ESP"]
[Source "lmi"]
[SourceDate "2011.05.09"]

1. e4 c5 2. Nf3 d6 3. d4 cxd4 4. Nxd4 Nf6 5. Nc3 a6 6. Bc4 e6 7. O-O Be7 8. Bb3
O-O 9. f4 Nbd7 10. g4 Nc5 11. Qf3 Nfd7 12. Be3 Re8 13. g5 Bf8 14. h4 b5 15. a3
Nxb3 16. cxb3 Bb7 17. h5 Rc8 18. Rad1 Rc7 19. f5 Ne5 20. Qg3 exf5 21. exf5 g6
22. fxg6 fxg6 23. Rf6 Rf7 24. Rdf1 Qd7 25. Bf4 Rxf6 26. gxf6 Kf7 27. hxg6+ hxg6
28. Nd1 Be4 29. Ne3 Qa7 30. Rd1 Kxf6 31. Bg5+ Kg7 32. Qf4 Nf7 33. Qf6+ Kg8 34.
Ne6 Nxg5 35. Nd4 Nf3+ 36. Kf2 Nxd4 37. Rxd4 Bg7 0-1